000 00657nam a2200217Ia 4500
008 101110s9999 xx 000 0 und d
041 _aMARATHI
082 _bSR29953
100 _aMankar S.S., Deshpande R., Limaye C.N. etc.
245 _aAdhunik vyavasthapan paddhati (Modern management practices)
260 _c2005
_bPhadake prakashan,Kolhapur
300 _a229
365 _b90
520 _aCommerce
546 _aMARATHI
630 _aAdhunik vyavasthapan paddhati (Modern management practices)
650 _aCommerce
655 _aCommerce
730 _aAdhunik vyavasthapan paddhati (Modern management practices)
942 _cBOOK
999 _c822461
_d822458